Southville International School and Colleges
Your cart is empty.
  • Cart
  • Lists
    Public lists Eva Luna New books Lux_list list_1
    Your lists Log in to create your own lists
  • Log in to your account
  • Your cookies
  • Search history
Southville International School and Colleges
  • Advanced search
  • Recent comments
  • Most popular
  • Libraries

Log in to your account

Log in with GOOGLE


If you do not have an external account, but do have a local account, you can still log in:

  1. Home
  2. MARC view: Devotional alphabet /
Normal view MARC view ISBD view

Devotional alphabet / (Record no. 9032)

[ view plain ]
MARC details
000 -LEADER
fixed length control field 00501nam a22001817a 4500
003 - CONTROL NUMBER IDENTIFIER
control field OSt
005 - DATE AND TIME OF LATEST TRANSACTION
control field 20140310182053.0
008 - FIXED-LENGTH DATA ELEMENTS--GENERAL INFORMATION
fixed length control field 130822t xxu||||| |||| 00| 0 eng d
050 ## - LIBRARY OF CONGRESS CALL NUMBER
Classification number BV 260
Item number .Ik26 1975
082 ## - DEWEY DECIMAL CLASSIFICATION NUMBER
Classification number HS 242
Item number Ik3 1975
100 ## - MAIN ENTRY--PERSONAL NAME
Personal name Ikerman, Ruth C.
9 (RLIN) 12222
245 ## - TITLE STATEMENT
Title Devotional alphabet /
Statement of responsibility, etc Ruth C. Ikerman.
260 ## - PUBLICATION, DISTRIBUTION, ETC. (IMPRINT)
Place of publication, distribution, etc Nashville, Tennessee :
Name of publisher, distributor, etc Parthenon Press,
Date of publication, distribution, etc c1960.
300 ## - PHYSICAL DESCRIPTION
Extent 48 p. ;
Dimensions 19 cm.
650 ## - SUBJECT ADDED ENTRY--TOPICAL TERM
Topical term or geographic name as entry element Devotional literature
9 (RLIN) 7218
942 ## - ADDED ENTRY ELEMENTS (KOHA)
Source of classification or shelving scheme Library of Congress Classification
Holdings
Withdrawn status Lost status Source of classification or shelving scheme Damaged status Home library Current library Shelving location Date acquired Total Checkouts Full call number Barcode Date last seen Copy number Price effective from Koha item type
    Library of Congress Classification   Luxembourg Library Luxembourg Library High School Section 08/22/2013   BV 260 .Ik26 1975 12908 08/22/2013 1 08/22/2013 Books

Devotional alphabet /

APA

Ikerman R. C., . (1960). Devotional alphabet. Nashville, Tennessee: Parthenon Press.

Chicago

Ikerman Ruth C, . 1960. Devotional alphabet. Nashville, Tennessee: Parthenon Press.

Harvard

Ikerman R. C., . (1960). Devotional alphabet. Nashville, Tennessee: Parthenon Press.

MLA

Ikerman Ruth C, . Devotional alphabet. Nashville, Tennessee: Parthenon Press. 1960.

  • Place hold
  • Print
  • Cite
  • Add to your cart (remove)
  • Save record
    BIBTEX Dublin Core MARCXML MARC (non-Unicode/MARC-8) MARC (Unicode/UTF-8) MARC (Unicode/UTF-8, Standard) MODS (XML) RIS
  • More searches
    Search for this title in:
    Other Libraries (WorldCat) Other Databases (Google Scholar) Online Stores (Bookfinder.com) Open Library (openlibrary.org)

Exporting to Dublin Core...

SOUTHVILLE LIBRARY

Southville International School and Colleges Library

1281 Tropical Ave. Cor. Luxembourg St., BF Homes International, Las Pinas City

Tel. No. 8256374 / 252358 Loc. 117/146

Powered by Koha